000 00776nam a22002297a 4500
003 UA-OsUOA
001 137314
007 ta
008 20190513b un ||||| |||| 00| 0 ukr d
100 _aЧубань В. С.
700 _aСкоробогатов Ю. А.
090 _a330(477)
_bЧ-81
942 _cSA
040 _aUA-OsUOA
_bukr
_cUA-OsUOA
_dUA-OsUOA
245 _aРоль економіко-математичного моделювання при дослідженні показників у сфері цивільного захисту
300 _aС.6-10
955 _a0
041 _aukr
080 _a330(477)
773 0 _w137313
_tЕкономіка. Фінанси. Право.
_dК.
_d2019
_g3
650 7 _a330 Економіка взагалі
_2UDC
999 _c423137
_d423137